Las bibliotecas del otoño medieval, con especial referencia a las de Castilla en el siglo XV / (Record no. 182744)

MARC details
000 -LEADER
campo de control de longitud fija 00827nam a2200205 i 4500
001 - NÚMERO DE CONTROL
campo de control 182744
003 - IDENTIFICADOR DE NÚMERO DE CONTROL
campo de control ES-MaACL
005 - FECHA Y HORA DE LA ÚLTIMA TRANSACCIÓN
campo de control 20230906221711.0
007 - CAMPO FIJO DE DESCRIPCIÓN FÍSICA--INFORMACIÓN GENERAL
campo de control de longitud fija t|
008 - DATOS DE LONGITUD FIJA--INFORMACIÓN GENERAL
campo de control de longitud fija 131022s1991 sp |||| | spa d
080 ## - NÚMERO DE LA CLASIFICACIÓN DECIMAL UNIVERSAL
Número de la Clasificación Decimal Universal 027.1(460.18)"14"
100 1# - ENTRADA PRINCIPAL--NOMBRE DE PERSONA
Nombre de persona Antelo Iglesias, Antonio.
9 (RLIN) 21870
245 14 - MENCIÓN DEL TÍTULO
Título Las bibliotecas del otoño medieval, con especial referencia a las de Castilla en el siglo XV /
Mención de responsabilidad, etc. Antonio Antelo Iglesias.
260 ## - PUBLICACIÓN, DISTRIBUCIÓN, ETC.
Lugar de publicación, distribución, etc. Madrid :
Nombre del editor, distribuidor, etc. UNED,
Fecha de publicación, distribución, etc. 1991.
300 ## - DESCRIPCIÓN FÍSICA
Extensión P. 285-350 ;
Dimensiones 24 cm.
595 ## -
-- Separata de: Espacio, tiempo y forma: revista de la Facultad de Geografía e Historia. Serie III. Historia Medieval, t. 4, 1991.
650 #4 - PUNTO DE ACCESO ADICIONAL DE MATERIA--TÉRMINO DE MATERIA
Término de materia o nombre geográfico como elemento de entrada Bibliotecas-
Subdivisión geográfica Castilla (Reino)
9 (RLIN) 170829
650 #4 - PUNTO DE ACCESO ADICIONAL DE MATERIA--TÉRMINO DE MATERIA
Término de materia o nombre geográfico como elemento de entrada Bibliotecas-
Subdivisión geográfica España-
Subdivisión de forma Historia.
9 (RLIN) 153716
852 ## - LOCALIZACIÓN
Ubicación ES-MaACL
Número de control de estantería 2327-F-16
Nota libre .- Dedicatoria autógrafa del autor
Holdings
Estatus retirado Estado de pérdida Estado de daño No para préstamo Colección Biblioteca de origen Biblioteca actual Ubicación en estantería Fecha de adquisición Fuente de adquisición Total de préstamos Signatura topográfica completa Código de barras Visto por última vez Precio de reemplazo Tipo de ítem Koha
        Colección de folletos Biblioteca del Ateneo de Madrid Biblioteca del Ateneo de Madrid Depósito folletos 22/10/2013     2327-F-16 1192057 23/02/2023 23/02/2023 Folleto